000 00367nam a22001697a 4500
005 20260619114126.0
020 _a9789391793654
041 _aEnglish
082 _aT13 R25 KRI
100 _aKrishnan Rajam
245 _aSettril Manidhargal
250 _a01
260 _aChennai
_bCholan Publications
_c2025
300 _a271
365 _b545.00
942 _cBK
999 _c177959
_d177959